| 000 | 00453cam a22001217a 4500 | ||
|---|---|---|---|
| 008 | 180718b-- xxu||||| |||| 00| 0 eng d | ||
| 082 | _aR1432x42 Ac87/1 | ||
| 245 | _aRedundancy: a survey of problems and practices | ||
| 260 |
_aLondon _bThe Action Society Trust _c-- |
||
| 300 | _a2 vols.. | ||
| 500 | _av.1. A survey of problems and practices. 1958. 56p.; v.2. Pt.2: Three studies on redundant workers,1959. 40p. | ||
| 650 | _aUnemployment Technological(UK) | ||
| 999 |
_c357044 _d357044 |
||